000 00274nam a2200097Ia 4500
005 20250424112817.0
008 250424s9999 xx 000 0 und d
300 _a28 p. :ill. ; 29 cm.
650 _aOral medicine--Periodicals. Oral medicine--Africa--Periodicals.
942 _cSR
999 _c37267
_d37267